[Event "Pro Am 2009 Villa Martelli"]
[Site "?"]
[Date "2009.10.20"]
[Round "5.9"]
[White "Miserendino, Alfredo"]
[Black "Garcia, Ezequiel"]
[Result "1/2-1/2"]
[WhiteElo "2155"]
[BlackElo "2045"]
[PlyCount "78"]
[EventDate "2009.10.22"]
[SourceDate "2009.10.22"]

1. e4 Nc6 2. Nf3 g6 3. Nc3 Bg7 4. d4 d6 5. h3 e6 6. Be3 Nge7 7. Qd2 h6 8. d5
exd5 9. exd5 Ne5 10. Nd4 a6 11. f4 Nd7 12. O-O-O Nf6 13. Nf3 b6 14. g4 Bb7 15.
Bd4 Qd7 16. Bg2 O-O-O 17. Qd3 Rhe8 18. Nd2 Bh8 19. Qc4 Kb8 20. a4 Nc8 21. Bf3
Ne7 22. Rhf1 h5 23. f5 hxg4 24. hxg4 gxf5 25. gxf5 Qxf5 26. Be2 Qg6 27. Rg1 Qh6
28. Rh1 Qf8 29. Rxh8 Qxh8 30. Rf1 Neg8 31. Nce4 Rxe4 32. Nxe4 Qh6+ 33. Nd2 Ne4
34. Qd3 Nc5 35. Qf3 Ne7 36. Bc4 f5 37. Be3 Qf6 38. Nb3 Nxa4 39. Nd4 b5 1/2-1/2

[Event "Pro Am 2009 Villa Martelli"]
[Site "?"]
[Date "2009.10.20"]
[Round "5.10"]
[White "Galleto, Ricardo"]
[Black "De Dovitiis, Alejo"]
[Result "0-1"]
[WhiteElo "2041"]
[BlackElo "2349"]
[PlyCount "74"]
[EventDate "2009.10.22"]
[SourceDate "2009.10.22"]

1. e4 e6 2. d4 d5 3. e5 c5 4. Nf3 Nc6 5. Bd3 Bd7 6. a3 Qc7 7. O-O f6 8. Bf4
cxd4 9. Re1 Nge7 10. Bg3 Qb6 11. b4 Ng6 12. c3 dxc3 13. Nxc3 Be7 14. exf6 gxf6
15. Bxg6+ hxg6 16. b5 Nd8 17. Qd3 Kf7 18. a4 Rc8 19. Be5 Rh5 20. Bd4 Qd6 21. g4
Rh7 22. Be5 Qb4 23. Bd4 Qc4 24. Qe3 e5 25. Bxe5 Bc5 26. Qf4 Qxf4 27. Bxf4 Bxg4
28. Kg2 Bb4 29. Nxd5 Bxe1 30. Rxe1 Bh3+ 31. Kg3 Be6 32. Nc7 g5 33. Bd6 Rh3+ 34.
Kg2 Bg4 35. Re7+ Kg6 36. Nd4 Rd3 37. Bc5 Bh3+ 0-1

[Event "Pro Am 2009 Villa Martelli"]
[Site "Villa Martelli"]
[Date "2009.10.21"]
[Round "6.1"]
[White "Iermito, Sebastian"]
[Black "Rodriguez Vila, Andres"]
[Result "1/2-1/2"]
[WhiteElo "2438"]
[BlackElo "2527"]
[PlyCount "64"]
[EventDate "2009.??.??"]

1. e4 e5 2. Nf3 Nc6 3. Bb5 Nf6 4. d3 d6 5. c3 Bd7 6. O-O g6 7. Re1 Bg7 8. Nbd2
O-O 9. Nf1 Nh5 10. Ng3 Nf4 11. d4 Qe7 12. Be3 Nxd4 13. Nxd4 exd4 14. Bxf4 Bxb5
15. cxd4 Qd7 16. Rc1 Rfe8 17. Qd2 c6 18. Rcd1 a5 19. h4 Qg4 20. Bxd6 Qxh4 21.
b3 a4 22. e5 axb3 23. axb3 f5 24. Ne2 Bh6 25. Qc2 Rad8 26. Bc5 Ba6 27. Nc3 Bf4
28. g3 Qh3 29. gxf4 Qg4+ 30. Kh1 Qh4+ 31. Kg2 Qg4+ 32. Kh1 Qh3+ 1/2-1/2

[Event "Pro Am 2009 Villa Martelli"]
[Site "Villa Martelli"]
[Date "2009.10.21"]
[Round "6.2"]
[White "Obregon, Andres Carlos"]
[Black "Barrionuevo, Pablo"]
[Result "1-0"]
[WhiteElo "2439"]
[BlackElo "2327"]
[PlyCount "59"]
[EventDate "2009.??.??"]

1. e4 e5 2. Nf3 Nf6 3. Nxe5 d6 4. Nf3 Nxe4 5. d4 d5 6. Bd3 Bd6 7. O-O O-O 8. c4
Nf6 9. Nc3 dxc4 10. Bxc4 Nc6 11. h3 h6 12. Re1 Bf5 13. d5 Ne7 14. Be3 a6 15. a3
Qd7 16. Bd4 Ng6 17. Bxf6 gxf6 18. Nd4 Bxh3 19. Ne6 Bxe6 20. dxe6 Qc6 21. Bd5
Qb6 22. Qg4 Kg7 23. exf7 Qc5 24. Rad1 Bf4 25. Ne4 Qb6 26. Ng3 Bxg3 27. Qxg3
Qxb2 28. Be4 f5 29. Bxf5 Qf6 30. Rd5 1-0

[Event "Pro Am 2009 Villa Martelli"]
[Site "Villa Martelli"]
[Date "2009.10.21"]
[Round "6.3"]
[White "Scarella, Enrique"]
[Black "Bulcourf, Carlos"]
[Result "1-0"]
[WhiteElo "2361"]
[BlackElo "2160"]
[PlyCount "107"]
[EventDate "2009.??.??"]

1. d4 d5 2. c4 Bf5 3. cxd5 Bxb1 4. Qa4+ Qd7 5. Qxd7+ Nxd7 6. Rxb1 Ngf6 7. Bd2
Nb6 8. g3 Nbxd5 9. Bg2 e6 10. Rc1 O-O-O 11. a3 Be7 12. e4 Nb6 13. Ne2 h5 14. h3
e5 15. dxe5 Nfd7 16. Bc3 Na4 17. Nf4 Nxc3 18. Rxc3 Nxe5 19. Nd5 Bd6 20. f4 Nc6
21. e5 Nxe5 22. fxe5 Bxe5 23. Ne7+ Kd7 24. Re3 Bd4 25. Re4 Bc5 26. Nd5 c6 27.
Nc3 f5 28. Re2 Bd6 29. O-O Rhf8 30. Rf3 Kc7 31. b4 Kb8 32. Rc2 a5 33. bxa5 Ka7
34. Na4 g5 35. Nc5 g4 36. Rb3 Bxc5+ 37. Rxc5 Rd1+ 38. Kh2 Rd2 39. Re5 Rf7 40.
Re8 h4 41. Kg1 hxg3 42. Rxg3 gxh3 43. Bxh3 Rdd7 44. Kf2 Rd2+ 45. Ke1 Rd5 46. a6
Kxa6 47. Bf1+ Kb6 48. Bc4 Rfd7 49. Bxd5 Rxd5 50. Rb3+ Kc5 51. Rxb7 Kc4 52. Re2
Kc3 53. Rbb2 Rd6 54. Rec2+ 1-0

[Event "Pro Am 2009 Villa Martelli"]
[Site "?"]
[Date "2009.10.21"]
[Round "6.4"]
[White "Slipak, Sergio"]
[Black "Juarez, Carlos Eleodoro"]
[Result "1-0"]
[WhiteElo "2468"]
[BlackElo "2123"]
[PlyCount "81"]
[EventDate "2009.10.22"]
[SourceDate "2009.10.22"]

1. d4 d5 2. c4 c6 3. Nf3 Nf6 4. Nc3 dxc4 5. a4 Bf5 6. Nh4 Bg6 7. Nxg6 hxg6 8.
e4 e6 9. Bxc4 Bb4 10. f3 Qe7 11. Bg5 Qc7 12. Qb3 a5 13. O-O-O Na6 14. Kb1 Be7
15. Rc1 Nb4 16. h4 Qd8 17. Rhd1 O-O 18. e5 Nfd5 19. Ne4 f6 20. exf6 gxf6 21.
Bd2 b5 22. Bxd5 cxd5 23. Nc5 Bxc5 24. Rxc5 bxa4 25. Qe3 Qd7 26. Rdc1 Ra7 27.
Rxa5 Rxa5 28. Bxb4 Ra7 29. Bxf8 Kxf8 30. Qh6+ Qg7 31. Rc8+ Kf7 32. Qc1 Re7 33.
Ra8 g5 34. hxg5 fxg5 35. Rxa4 Qh7+ 36. Ka2 Qf5 37. Ra8 e5 38. dxe5 Qxe5 39. Qc8
d4 40. Qg8+ Kf6 41. Rf8+ 1-0

[Event "Pro Am 2009 Villa Martelli"]
[Site "?"]
[Date "2009.10.21"]
[Round "6.5"]
[White "Godoy, Luciano"]
[Black "De Dovitiis, Alejo"]
[Result "0-1"]
[WhiteElo "2101"]
[BlackElo "2349"]
[PlyCount "92"]
[EventDate "2009.10.22"]
[SourceDate "2009.10.22"]

1. d4 Nf6 2. Nf3 e6 3. Bg5 d5 4. Nbd2 Be7 5. e3 Nbd7 6. Bd3 c5 7. c3 b6 8. Ne5
Nxe5 9. dxe5 Nd7 10. Bxe7 Qxe7 11. f4 Bb7 12. O-O O-O-O 13. Bb5 f6 14. Bxd7+
Rxd7 15. Nf3 h6 16. Rf2 Kb8 17. b4 d4 18. exd4 Bxf3 19. Qxf3 cxd4 20. cxd4 Rxd4
21. a4 Rhd8 22. h3 Qxb4 23. a5 Rd3 24. Qg4 Qc5 25. axb6 axb6 26. exf6 h5 27.
Qe2 gxf6 28. Ra2 h4 29. Kh2 Qe3 30. Qxe3 Rxe3 31. Ra1 Rd4 32. Rb2 Kb7 33. Rab1
Rd6 34. Rb3 Re4 35. Rb4 Rxb4 36. Rxb4 f5 37. Rb2 Kc6 38. g3 hxg3+ 39. Kxg3 Rd3+
40. Kh4 Rf3 41. Re2 Kd6 42. Kg5 Rxh3 43. Kf6 Rh6+ 44. Kg5 Rh8 45. Kf6 Rf8+ 46.
Kg7 Rc8 0-1

[Event "Pro Am 2009 Villa Martelli"]
[Site "?"]
[Date "2009.10.21"]
[Round "6.6"]
[White "Malbran, Guillermo"]
[Black "Quinzio, Martin"]
[Result "1/2-1/2"]
[WhiteElo "2195"]
[BlackElo "1972"]
[PlyCount "24"]
[EventDate "2009.10.22"]
[SourceDate "2009.10.22"]

1. e4 e5 2. Nf3 Nf6 3. Nxe5 d6 4. Nf3 Nxe4 5. d4 d5 6. Bd3 Bd6 7. Nc3 Nxc3 8.
bxc3 Bg4 9. h3 Bh5 10. Qe2+ Qe7 11. Qxe7+ Bxe7 12. Ne5 f6 1/2-1/2

[Event "Pro Am 2009 Villa Martelli"]
[Site "?"]
[Date "2009.10.21"]
[Round "6.7"]
[White "Radoszta, Armando"]
[Black "Godoy, Carlos"]
[Result "0-1"]
[WhiteElo "2075"]
[BlackElo "2131"]
[PlyCount "104"]
[EventDate "2009.10.22"]
[SourceDate "2009.10.22"]

1. e4 Nf6 2. e5 Nd5 3. c4 Nb6 4. c5 Nd5 5. Qf3 e6 6. Bc4 Nb4 7. Qc3 Bxc5 8. d4
Be7 9. a3 Nd5 10. Qg3 Kf8 11. Bxd5 exd5 12. Qf3 Nc6 13. Qxd5 d6 14. Nf3 Be6 15.
Qb5 dxe5 16. dxe5 a6 17. Qe2 Bg4 18. O-O Qd5 19. Nbd2 Nd4 20. Qd1 Rd8 21. Re1
b5 22. h3 Nxf3+ 23. gxf3 Bxh3 24. Qe2 c5 25. Qe4 Be6 26. Nf1 Qxe4 27. fxe4 h6
28. Be3 g6 29. Rac1 c4 30. f4 Kg7 31. Bd2 Bc5+ 32. Kg2 Bd4 33. Ba5 Rd7 34. Rc2
f5 35. exf6+ Bxf6 36. Ng3 Re8 37. e5 Bh4 38. Re3 Rf8 39. Rf2 Rd4 40. Ne2 Bd5+
41. Rff3 Rd3 42. Nc3 Bxf3+ 43. Kxf3 Rxf4+ 44. Kxf4 Bg5+ 45. Ke4 Rxe3+ 46. Kd5
Kf7 47. Bc7 Rd3+ 48. Kc6 Ke6 49. Ne4 Be7 50. Bd6 Re3 51. Nc5+ Kf7 52. Kd7 Rxe5
0-1

[Event "Pro Am 2009 Villa Martelli"]
[Site "?"]
[Date "2009.10.21"]
[Round "6.8"]
[White "Perez, Mario Abel"]
[Black "Sosa, Tomas"]
[Result "1-0"]
[WhiteElo "2107"]
[BlackElo "1983"]
[PlyCount "89"]
[EventDate "2009.10.22"]
[SourceDate "2009.10.22"]

1. d4 Nf6 2. Nf3 e6 3. Bg5 c5 4. c3 b6 5. e3 Bb7 6. Nbd2 Be7 7. Qc2 cxd4 8.
exd4 O-O 9. Bd3 h6 10. h4 Nc6 11. Bxf6 Bxf6 12. g4 g6 13. Ne4 Bg7 14. Nd6 Qc7
15. Nxb7 Qxb7 16. Qe2 Qc7 17. h5 g5 18. O-O-O a6 19. Kb1 Qf4 20. Qe4 Qxe4 21.
Bxe4 f5 22. gxf5 exf5 23. Bd5+ Kh8 24. Rde1 Rae8 25. Kc1 Bf6 26. Nd2 Ne7 27.
Bb7 a5 28. Nc4 Rb8 29. Bg2 Nc8 30. Re2 a4 31. a3 b5 32. Ne5 Bxe5 33. Rxe5 Nd6
34. Rhe1 Rbe8 35. Bf1 Rxe5 36. Rxe5 Rb8 37. Bd3 Rf8 38. Bxb5 Nxb5 39. Rxb5 f4
40. Rb6 Kh7 41. Kd1 Re8 42. Ra6 d5 43. Rxa4 g4 44. Ra7+ Kh8 45. Ra6 1-0

[Event "Pro Am 2009 Villa Martelli"]
[Site "?"]
[Date "2009.10.21"]
[Round "6.10"]
[White "Della Morte, German"]
[Black "Alvarez, Roberto"]
[Result "0-1"]
[WhiteElo "2341"]
[BlackElo "2097"]
[PlyCount "102"]
[EventDate "2009.10.22"]
[SourceDate "2009.10.22"]

1. e4 d6 2. d4 Nf6 3. Nc3 e5 4. Nf3 Nbd7 5. Bc4 Be7 6. O-O O-O 7. Re1 c6 8. a4
b6 9. b3 a6 10. Bb2 Bb7 11. Bf1 Re8 12. g3 Bf8 13. Bg2 Qc7 14. Qd3 exd4 15.
Nxd4 d5 16. exd5 cxd5 17. Nf5 Nc5 18. Qd4 Ne6 19. Qd2 Red8 20. Ne2 Ne4 21. Qd3
Rac8 22. Rac1 Qd7 23. Nfd4 N6c5 24. Qd1 Bd6 25. f3 Ng5 26. Qd2 Nge6 27. Nf5 Bf8
28. Ned4 Nxd4 29. Nxd4 Re8 30. h4 Rxe1+ 31. Rxe1 Re8 32. Kh2 Rxe1 33. Qxe1 Qe7
34. Qa1 Ne6 35. Nf5 Qc7 36. Qd1 d4 37. Nxd4 Nxd4 38. Bxd4 Bd6 39. Bf2 b5 40.
axb5 axb5 41. Qd3 Bc6 42. c4 Qd7 43. Qe2 bxc4 44. bxc4 Qc7 45. c5 Be7 46. Qc4
Kf8 47. Qd4 Bf6 48. Qg4 g6 49. Bd4 h5 50. Be5 Bxe5 51. Qg5 Kg7 0-1

[Event "Pro Am 2009 Villa Martelli"]
[Site "?"]
[Date "2009.10.21"]
[Round "6.11"]
[White "Restuccia, Francisco"]
[Black "Di Pasquale, Luciano"]
[Result "1-0"]
[WhiteElo "2156"]
[BlackElo "2018"]
[PlyCount "79"]
[EventDate "2009.10.22"]
[SourceDate "2009.10.22"]

1. e4 c5 2. d4 cxd4 3. c3 dxc3 4. Nxc3 g6 5. Nf3 Bg7 6. Bc4 Nc6 7. Bg5 Qa5 8.
Qb3 Bxc3+ 9. bxc3 e6 10. O-O f6 11. Bh4 Qc5 12. Be2 h5 13. Rad1 Na5 14. Qa4 Qc7
15. Nd4 b6 16. Nxe6 Qe5 17. Nd4 Nh6 18. Bg3 Qc5 19. Ne6 Qe7 20. Nc7+ Kf7 21.
Bd6 Qd8 22. Nxa8 Bb7 23. Nc7 Kg7 24. Nd5 Bxd5 25. Rxd5 Nf7 26. e5 Re8 27. Qd4
Nc6 28. exf6+ Kh7 29. Qd3 Qxf6 30. Bf3 Re6 31. Rd1 Kg7 32. h3 a6 33. Bc7 Nce5
34. Bxe5 Nxe5 35. Qe4 Kh6 36. Rxe5 Rxe5 37. Qd4 Qe6 38. Qf4+ g5 39. Qf8+ Kg6
40. Rd6 1-0

[Event "Pro Am 2009"]
[Site "Villa Martelli"]
[Date "2009.10.22"]
[Round "7.1"]
[White "Rodriguez Vila, Andres"]
[Black "Scarella, Enrique"]
[Result "1-0"]
[WhiteElo "2527"]
[BlackElo "2361"]
[PlyCount "103"]
[EventDate "2009.??.??"]

1. e4 d6 2. f4 c5 3. Nf3 Nc6 4. Bc4 e6 5. Nc3 Nf6 6. O-O d5 7. exd5 exd5 8. Bb5
Be7 9. Ne5 Bd7 10. Bxc6 Bxc6 11. d3 O-O 12. Nxc6 bxc6 13. Qf3 Nd7 14. Bd2 Bf6
15. Rad1 Qb6 16. Na4 Qb5 17. b3 c4 18. dxc4 dxc4 19. Bc3 Bxc3 20. Nxc3 Qc5+ 21.
Qf2 Qxf2+ 22. Kxf2 Nb6 23. Rd6 Rfd8 24. Rfd1 Rxd6 25. Rxd6 cxb3 26. axb3 Rc8
27. f5 f6 28. Ne4 c5 29. c4 Kf8 30. Rd2 Ke7 31. Re2 Kd8 32. Ra2 Rc7 33. Ra5 Nd7
34. Nc3 Ne5 35. Rb5 a6 36. Rb6 Rc6 37. Rxc6 Nxc6 38. Na4 Kc7 39. Nxc5 Kb6 40.
Ne6 Ka5 41. Ke3 Kb4 42. Nd4 Ne5 43. Ke4 Kc5 44. Ne6+ Kb4 45. Kd5 a5 46. Nd4 a4
47. bxa4 Nxc4 48. Nc6+ Kc3 49. a5 g6 50. a6 Nb6+ 51. Kc5 Na8 52. Ne7 1-0

[Event "Pro Am 2009"]
[Site "Villa Martelli"]
[Date "2009.10.22"]
[Round "7.2"]
[White "Obregon, Carlos"]
[Black "Iermito, Sebastian"]
[Result "0-1"]
[WhiteElo "2439"]
[BlackElo "2438"]
[PlyCount "134"]
[EventDate "2009.??.??"]

1. e4 c5 2. Nf3 d6 3. d4 cxd4 4. Nxd4 Nf6 5. Nc3 g6 6. Be3 Bg7 7. f3 O-O 8. Qd2
Nc6 9. g4 Be6 10. O-O-O Nxd4 11. Bxd4 Qa5 12. a3 Rab8 13. h4 b5 14. Nd5 Qxd2+
15. Rxd2 Bxd5 16. exd5 h5 17. g5 Nd7 18. Bxg7 Kxg7 19. Re2 Rfe8 20. Bh3 Nb6 21.
Rd1 Rb7 22. f4 Rc7 23. f5 Nc4 24. b3 Ne5 25. Kb2 Rc5 26. Rf2 a6 27. Rd4 Rb8 28.
fxg6 fxg6 29. Be6 Rc7 30. Re4 Kh8 31. Rf1 a5 32. Rff4 Ra8 33. Re3 Rca7 34. Rc3
Kg7 35. Kc1 Rb8 36. Kd2 Rab7 37. Re3 Kh8 38. Ree4 Rc7 39. Re3 Rcb7 40. Rc3 Kg7
41. Rc8 Rxc8 42. Bxc8 Rc7 43. Be6 Ra7 44. c3 Rb7 45. Kc2 Rc7 46. Re4 Kf8 47.
Rf4+ Kg7 48. a4 b4 49. c4 Rc5 50. Re4 Nf3 51. Bh3 Rc7 52. Kd3 Kg8 53. Ke3 Ne1
54. Ke2 Nc2 55. Kd2 Na1 56. Be6+ Kg7 57. Re3 Rc5 58. Rf3 Rc7 59. Rf7+ Kh8 60.
Rf3 Kg7 61. Re3 Rc5 62. Bd7 Nxb3+ 63. Rxb3 Rxc4 64. Re3 Rxh4 65. Rxe7+ Kf8 66.
Re6 Rd4+ 67. Ke3 Rxd5 0-1

[Event "Pro Am 2009"]
[Site "Villa Martelli"]
[Date "2009.10.22"]
[Round "7.3"]
[White "De Dovitiis, Alejo"]
[Black "Slipak, Sergio"]
[Result "1/2-1/2"]
[WhiteElo "2349"]
[BlackElo "2468"]
[PlyCount "49"]
[EventDate "2009.??.??"]

1. e4 e5 2. Nf3 Nc6 3. Bb5 Nf6 4. O-O Nxe4 5. d4 Nd6 6. Bxc6 dxc6 7. dxe5 Nf5
8. Qxd8+ Kxd8 9. Nc3 Ke8 10. h3 b6 11. Bf4 Bb4 12. Ne4 Ba6 13. Rfc1 Be2 14.
Ned2 Bxd2 15. Nxd2 Rd8 16. e6 Ba6 17. exf7+ Kxf7 18. Nf3 Nd4 19. Nxd4 Rxd4 20.
Bxc7 Re8 21. Rd1 Rxd1+ 22. Rxd1 Re2 23. Bf4 Bc8 24. Rd2 Rxd2 25. Bxd2 1/2-1/2

[Event "Pro Am 2009 Villa Martelli"]
[Site "?"]
[Date "2009.10.22"]
[Round "7.4"]
[White "Godoy, Carlos"]
[Black "Barrionuevo, Pablo"]
[Result "0-1"]
[WhiteElo "2131"]
[BlackElo "2327"]
[PlyCount "66"]
[EventDate "2009.10.22"]
[SourceDate "2009.10.23"]

1. e4 d6 2. d4 Nf6 3. Nc3 g6 4. Nf3 Bg7 5. Be2 O-O 6. O-O a6 7. a4 b6 8. Re1
Bb7 9. Bf1 e6 10. Bg5 h6 11. Bh4 g5 12. Bg3 Nh5 13. Bc4 d5 14. exd5 exd5 15.
Bd3 Nxg3 16. hxg3 c5 17. dxc5 bxc5 18. Bf5 d4 19. Ne4 Qd5 20. g4 Nc6 21. c4
Qxc4 22. Rc1 Qb4 23. Nxc5 Rfd8 24. Qd3 Qb6 25. Bh7+ Kh8 26. Nxg5 hxg5 27. Qh3
Rd6 28. Nd7 Rxd7 29. Bf5+ Kg8 30. Qh7+ Kf8 31. Bxd7 Rd8 32. Qf5 Ne7 33. a5 Qd6
0-1

[Event "Pro Am 2009 Villa Martelli"]
[Site "?"]
[Date "2009.10.22"]
[Round "7.5"]
[White "Alvarez, Roberto"]
[Black "Zuriel, Marisa"]
[Result "1/2-1/2"]
[WhiteElo "2097"]
[BlackElo "2184"]
[PlyCount "138"]
[EventDate "2009.10.22"]
[SourceDate "2009.10.24"]

1. d4 Nf6 2. Nf3 c5 3. e3 g6 4. Be2 Bg7 5. O-O b6 6. c4 O-O 7. Nc3 Bb7 8. d5 d6
9. Nd2 a6 10. a4 e5 11. Ra3 Nbd7 12. h3 Ne8 13. e4 f5 14. Ndb1 f4 15. Bg4 Ndf6
16. Rb3 Nxg4 17. hxg4 Bc8 18. f3 Bd7 19. Kf2 Rb8 20. Rh1 Nf6 21. Ke1 Qe8 22.
Ra3 h5 23. gxh5 Nxh5 24. Ne2 b5 25. axb5 axb5 26. cxb5 Rxb5 27. Nbc3 Rb7 28.
Kd2 Qb8 29. Qc2 Bf6 30. Qb1 Bd8 31. Qa2 Bb6 32. Kc2 Kg7 33. Bd2 Qc7 34. b3 Rfb8
35. Rb1 Nf6 36. Na4 Ba7 37. Nb2 Rh8 38. Nc4 Rh2 39. Rg1 Bb8 40. Bc3 Bb5 41. Qa1
Bxc4 42. bxc4 Rb4 43. Nxf4 exf4 44. Bxf6+ Kf7 45. Bg5 Rxc4+ 46. Kd3 Rd4+ 47.
Ke2 Rh5 48. Bxf4 Qb7 49. Rb1 Rb4 50. Rxb4 Qxb4 51. Qc3 Qb5+ 52. Kf2 Rh1 53. Kg3
Bc7 54. Ra7 Qb6 55. Ra2 Bd8 56. Rb2 Bh4+ 57. Kg4 Qc7 58. e5 dxe5 59. Qxe5 Qd7+
60. Qe6+ Qxe6+ 61. dxe6+ Kxe6 62. Rb6+ Kf7 63. g3 Be7 64. Rc6 Re1 65. Bg5 Bf8
66. Rf6+ Kg7 67. Rc6 Kf7 68. Rf6+ Kg7 69. Rc6 Kf7 1/2-1/2

[Event "Pro Am 2009 Villa Martelli"]
[Site "?"]
[Date "2009.10.22"]
[Round "7.7"]
[White "Quinzio, Martin"]
[Black "Restuccia, Francisco"]
[Result "0-1"]
[WhiteElo "1972"]
[BlackElo "2156"]
[PlyCount "63"]
[EventDate "2009.10.22"]
[SourceDate "2009.10.24"]

1. d4 e6 2. Nf3 b6 3. Bf4 Bb7 4. e3 f5 5. Bd3 Nf6 6. Nbd2 Be7 7. h3 O-O 8. Qe2
Nd5 9. c3 Nxf4 10. exf4 c5 11. dxc5 bxc5 12. g4 Qc7 13. gxf5 Qxf4 14. Rg1 Nc6
15. fxe6 d5 16. O-O-O Qh6 17. h4 Rae8 18. Rde1 Qf4 19. Rg2 c4 20. Bc2 d4 21.
Qxc4 Ne5 22. Rxe5 Bxf3 23. Qd3 Qh6 24. Rg3 dxc3 25. bxc3 Ba3+ 26. Kb1 Bc6 27.
Reg5 Re7 28. Ne4 Rb8+ 29. Bb3 Qxe6 30. Re3 Qf7 31. Rf5 Bxe4 32. Rxe4 0-1

[Event "Pro Am 2009 Villa Martelli"]
[Site "?"]
[Date "2009.10.22"]
[Round "7.8"]
[White "Miserendino, Alfredo"]
[Black "Malbran, Guillermo"]
[Result "1/2-1/2"]
[WhiteElo "2155"]
[BlackElo "2195"]
[PlyCount "28"]
[EventDate "2009.10.22"]
[SourceDate "2009.10.24"]

1. d4 Nf6 2. c4 c5 3. d5 b5 4. cxb5 a6 5. b6 e6 6. Nc3 Nxd5 7. Nxd5 exd5 8.
Qxd5 Nc6 9. e4 Be7 10. Bc4 O-O 11. Ne2 Rb8 12. O-O Rxb6 13. Nc3 d6 14. Qd1 Be6
1/2-1/2

[Event "Pro Am 2009 Villa Martelli"]
[Site "?"]
[Date "2009.10.22"]
[Round "7.9"]
[White "Pradines, Emmanuel"]
[Black "Godoy, Luciano"]
[Result "0-1"]
[WhiteElo "1970"]
[BlackElo "2101"]
[PlyCount "142"]
[EventDate "2009.10.22"]
[SourceDate "2009.10.24"]

1. e4 e6 2. d3 c5 3. g3 Nc6 4. Bg2 g6 5. Nf3 Bg7 6. O-O Nge7 7. c3 O-O 8. Nh4
b5 9. f4 f5 10. e5 d6 11. Be3 Rb8 12. d4 cxd4 13. cxd4 d5 14. Nd2 Na5 15. Nb3
Nxb3 16. Qxb3 Qb6 17. Nf3 Nc6 18. Rf2 Na5 19. Qd1 b4 20. b3 Ba6 21. Rc1 Rfc8
22. Rfc2 Bf8 23. h4 Rxc2 24. Rxc2 Rc8 25. Rxc8 Bxc8 26. Qc2 Bd7 27. Bf1 Nb7 28.
Nd2 a5 29. Be2 Nd8 30. Nb1 Nc6 31. Qd3 Na7 32. Qc2 Bb5 33. Kf2 Bxe2 34. Kxe2
Be7 35. Kd2 Kf7 36. h5 gxh5 37. Qd1 Kg6 38. Ke2 Nb5 39. Qd3 Qc6 40. Bd2 Nc7 41.
Kf2 Nb5 42. Kg2 Na7 43. Kf2 Nc8 44. Be3 h4 45. gxh4 Bxh4+ 46. Kf3 Kg7 47. Qe2
Qe8 48. Qg2+ Qg6 49. a4 Kh6 50. Qxg6+ hxg6 51. Nd2 g5 52. fxg5+ Bxg5 53. Nf1
Ne7 54. Ng3 Bxe3 55. Kxe3 Kg5 56. Ne2 Ng6 57. Nc1 f4+ 58. Kf2 Ne7 59. Kf3 Nf5
60. Ne2 Nh4+ 61. Kf2 Kf5 62. Ng1 Ke4 63. Nh3 Kxd4 64. Nxf4 Kxe5 65. Nd3+ Kd4
66. Ke2 e5 67. Kd2 Ng6 68. Nf2 e4 69. Ng4 Ne5 70. Ne3 Nf3+ 71. Ke2 Kc5 0-1

[Event "Pro Am 2009 Villa Martelli"]
[Site "?"]
[Date "2009.10.22"]
[Round "7.10"]
[White "Anelli, Antonio"]
[Black "Sosa, Tomas"]
[Result "1-0"]
[WhiteElo "2176"]
[BlackElo "1983"]
[PlyCount "69"]
[EventDate "2009.10.22"]
[SourceDate "2009.10.24"]

1. c4 Nf6 2. d4 e5 3. dxe5 Ng4 4. Nf3 Nc6 5. e3 Ngxe5 6. Be2 Bb4+ 7. Bd2 Bxd2+
8. Qxd2 d6 9. Nc3 Be6 10. b3 Qf6 11. O-O Bg4 12. Nxe5 Bxe2 13. Nxc6 Bxf1 14.
Nd4 Bxg2 15. Kxg2 O-O-O 16. Nd5 Qg5+ 17. Kh1 c6 18. Rg1 Qe5 19. Nc3 Rhe8 20. e4
f6 21. Rxg7 Rg8 22. Rg3 Rxg3 23. hxg3 Rg8 24. Nf5 Kc7 25. Kg2 Rd8 26. f4 Qe6
27. Qd4 b6 28. b4 a6 29. a4 Qg8 30. b5 axb5 31. cxb5 Qb3 32. bxc6 Kxc6 33. Qxf6
Qc2+ 34. Kh3 Qc1 35. Qxd8 1-0

[Event "Pro Am 2009 Villa Martelli"]
[Site "Villa Martelli"]
[Date "2009.10.23"]
[Round "8.1"]
[White "De Dovitiis, Alejo"]
[Black "Rodriguez Vila, Andres"]
[Result "1/2-1/2"]
[WhiteElo "2349"]
[BlackElo "2527"]
[PlyCount "56"]
[EventDate "2009.??.??"]

1. e4 d6 2. d4 g6 3. Nf3 Nd7 4. Bc4 e6 5. Bg5 f6 6. Be3 Nb6 7. Bb3 d5 8. Nbd2
Ne7 9. c4 Bg7 10. O-O c6 11. Qe2 O-O 12. Rad1 a5 13. a3 Bd7 14. Rfe1 Rf7 15. h3
Qc7 16. Rc1 Re8 17. Qd3 Qd8 18. Qc3 Nbc8 19. Bf4 g5 20. Bg3 dxe4 21. Nxe4 Nf5
22. Rcd1 Nxg3 23. Nxg3 Nd6 24. Qd3 Bf8 25. Re2 Qc8 26. Ne5 fxe5 27. Ne4 Nf5 28.
Ng3 Ne7 1/2-1/2

[Event "Pro Am 2009 Villa Martelli"]
[Site "Villa Martelli"]
[Date "2009.10.23"]
[Round "8.2"]
[White "Restuccia, Francisco"]
[Black "Iermito, Sebastian"]
[Result "0-1"]
[WhiteElo "2156"]
[BlackElo "2438"]
[PlyCount "126"]
[EventDate "2009.??.??"]

1. e4 c5 2. c3 d5 3. exd5 Qxd5 4. d4 Nf6 5. Nf3 Bg4 6. Be2 e6 7. h3 Bh5 8. c4
Qd8 9. Nc3 cxd4 10. Nxd4 Bxe2 11. Qa4+ Nbd7 12. Ndxe2 Be7 13. O-O O-O 14. Rd1
Qc8 15. Be3 a6 16. Rac1 Ne5 17. c5 Nc6 18. b4 h6 19. Qb3 Rd8 20. Na4 Qc7 21.
Nb6 Rxd1+ 22. Rxd1 Rd8 23. a3 Qe5 24. Nc4 Rxd1+ 25. Qxd1 Qd5 26. Qxd5 exd5 27.
Nb6 Bd8 28. Nc8 Ne8 29. Nd4 Nxd4 30. Bxd4 f6 31. a4 Kf7 32. b5 axb5 33. axb5
Ke6 34. Kf1 Kd7 35. Na7 Nc7 36. Ke2 Ne6 37. Ke3 Bc7 38. c6+ bxc6 39. Nxc6 Bd6
40. Na5 Bf4+ 41. Kd3 Bc7 42. Nb3 Nf4+ 43. Kc3 Bd6 44. Ba7 Nxg2 45. b6 Kc6 46.
Na5+ Kb5 47. b7 Kxa5 48. b8=Q Bxb8 49. Bxb8 Kb5 50. Bd6 Nh4 51. Kd3 Kc6 52. Bf8
Nf5 53. Bb4 Kd7 54. Bc5 Ke6 55. Bb6 h5 56. Ke2 g5 57. Kf3 Nh4+ 58. Ke3 Ng2+ 59.
Kf3 Nf4 60. h4 Kf5 61. hxg5 fxg5 62. Ba7 h4 63. Bb8 d4 0-1

[Event "Pro Am 2009 Villa Martelli"]
[Site "Villa Martelli"]
[Date "2009.10.23"]
[Round "8.3"]
[White "Slipak, Sergio"]
[Black "Obregon, Andres Carlos"]
[Result "1/2-1/2"]
[WhiteElo "2468"]
[BlackElo "2439"]
[PlyCount "33"]
[EventDate "2009.??.??"]

1. d4 c6 2. c4 Nf6 3. Nf3 d5 4. e3 Bg4 5. h3 Bxf3 6. Qxf3 e6 7. Bd3 Nbd7 8. O-O
Bd6 9. Nd2 O-O 10. e4 e5 11. cxd5 cxd5 12. exd5 Re8 13. Ne4 Nxe4 14. Qxe4 Nf6
15. Qh4 h6 16. Bb5 Nxd5 17. Qe4 1/2-1/2

[Event "Pro Am 2009 Villa Martelli"]
[Site "?"]
[Date "2009.10.23"]
[Round "8.4"]
[White "Barrionuevo, Pablo"]
[Black "Bulcourf, Carlos"]
[Result "0-1"]
[WhiteElo "2327"]
[BlackElo "2160"]
[PlyCount "102"]
[EventDate "2009.10.22"]
[SourceDate "2009.10.25"]

1. d4 d5 2. c4 Bf5 3. cxd5 Bxb1 4. Qa4+ Qd7 5. Qxd7+ Nxd7 6. Rxb1 Ngf6 7. g3
Nb6 8. Bg2 Nfxd5 9. a3 f5 10. Nh3 h6 11. Nf4 Nxf4 12. Bxf4 O-O-O 13. Rc1 c6 14.
O-O e6 15. e3 Bd6 16. Bxd6 Rxd6 17. b4 a6 18. Rc2 g5 19. Ra1 f4 20. Kf1 Re8 21.
gxf4 gxf4 22. Bh3 Kc7 23. Rc5 fxe3 24. fxe3 Nd5 25. Re1 b6 26. Rc2 e5 27. dxe5
Rxe5 28. e4 Rf6+ 29. Rf2 Rxf2+ 30. Kxf2 Nf4 31. Bf1 a5 32. Ke3 Ng6 33. Be2 Rg5
34. Rf1 axb4 35. axb4 Ne5 36. h4 Rg6 37. Rf8 Rg3+ 38. Kd4 Nd7 39. Rf7 Rg2 40.
Bh5 Kd6 41. e5+ Ke6 42. Rh7 Nxe5 43. Ke4 Ng4 44. Kf4 Nf6 45. Rxh6 Rb2 46. Bf3
Rxb4+ 47. Kg5 Rb5+ 48. Kg6 Rb3 49. Rh8 Rxf3 50. Rf8 Rg3+ 51. Kh6 Rg8 0-1

[Event "Pro Am 2009 Villa Martelli"]
[Site "?"]
[Date "2009.10.23"]
[Round "8.5"]
[White "Scarella, Enrique"]
[Black "Anelli, Antonio"]
[Result "1-0"]
[WhiteElo "2361"]
[BlackElo "2176"]
[PlyCount "89"]
[EventDate "2009.10.22"]
[SourceDate "2009.10.25"]

1. d4 Nf6 2. c4 d6 3. Nc3 Nbd7 4. e4 e5 5. Nf3 Be7 6. Be2 O-O 7. O-O c6 8. Re1
a6 9. Bf1 b5 10. a3 Qc7 11. Bg5 h6 12. Bh4 Re8 13. Rc1 Qa7 14. Qd2 Bf8 15. d5
cxd5 16. cxd5 Be7 17. Rc2 Nc5 18. b4 Ncd7 19. Bxf6 Nxf6 20. Nh4 Bd7 21. Nf5 Bf8
22. g3 Kh7 23. Bd3 g6 24. Ne3 h5 25. Qe2 Bh6 26. Kg2 Ng4 27. Qf3 Nxe3+ 28. fxe3
Rf8 29. h3 Bg5 30. Nd1 Kg7 31. Rf1 Rac8 32. Rxc8 Bxc8 33. Qe2 Rd8 34. Qf2 Rd7
35. h4 Bd8 36. g4 hxg4 37. h5 Rc7 38. hxg6 Kxg6 39. Kg3 Rc1 40. Rh1 Bg5 41. Rh8
f5 42. exf5+ Kg7 43. f6+ Kxh8 44. f7 Bf4+ 45. Kg2 1-0